Lịch sử thế giới
Bộ Lịch sử thế giới được dịch từ bản gốc tiếng Trung Quốc. Cả bộ gồm 6 tập bao trùm các vấn đề của lịch sử toàn thế giới từ thời cổ đại đến ngày nay. Tập 2 nói về giai đoạn phong kiến ở các nước châu Âu, châu Á; châu Phi và c...
Guardado en:
| Autor principal: | |
|---|---|
| Formato: | Libro |
| Lenguaje: | Undetermined |
| Publicado: |
Thành phố Hồ Chí Minh
Nhà xuất bản thành phố Hồ Chí Minh
2002
|
| Materias: | |
| Etiquetas: |
Agregar Etiqueta
Sin Etiquetas, Sea el primero en etiquetar este registro!
|
| Thư viện lưu trữ: | Trung tâm Học liệu Trường Đại học Cần Thơ |
|---|
| LEADER | 01143nam a2200229Ia 4500 | ||
|---|---|---|---|
| 001 | CTU_56896 | ||
| 008 | 210402s9999 xx 000 0 und d | ||
| 020 | |b 145000 | ||
| 020 | |c 145000 | ||
| 082 | |a 909 | ||
| 082 | |b Tr431/T2 | ||
| 100 | |a Thôi, Liên Trọng | ||
| 245 | 0 | |a Lịch sử thế giới | |
| 245 | 0 | |c Lưu Minh Hàn ; Phong Đảo dịch | |
| 260 | |a Thành phố Hồ Chí Minh | ||
| 260 | |b Nhà xuất bản thành phố Hồ Chí Minh | ||
| 260 | |c 2002 | ||
| 520 | |a Bộ Lịch sử thế giới được dịch từ bản gốc tiếng Trung Quốc. Cả bộ gồm 6 tập bao trùm các vấn đề của lịch sử toàn thế giới từ thời cổ đại đến ngày nay. Tập 2 nói về giai đoạn phong kiến ở các nước châu Âu, châu Á; châu Phi và châu Mỹ thời trung cổ; sự xuất bản của chủ nghĩa tư bản ở Tây Âu | ||
| 650 | |a middle ages,world history | ||
| 650 | |x history | ||
| 904 | |i Mai | ||
| 980 | |a Trung tâm Học liệu Trường Đại học Cần Thơ | ||